Regional report (Record no. 81214)

MARC details
000 -LEADER
fixed length control field 00766cab a22001935a 4500
001 - CONTROL NUMBER
control field L146634
008 - FIXED-LENGTH DATA ELEMENTS--GENERAL INFORMATION
fixed length control field 090210e20090202xxkaod f s 000 0 eng d
035 ## - SYSTEM CONTROL NUMBER
System control number (Sirsi) u146634
041 0# - LANGUAGE CODE
Language code of text/sound track or separate title eng
100 1# - MAIN ENTRY--PERSONAL NAME
Personal name Shah, Aditi
245 00 - TITLE STATEMENT
Title Regional report
Remainder of title Thames Valley
260 ## - PUBLICATION, DISTRIBUTION, ETC.
Date of publication, distribution, etc. 2009
490 ## - SERIES STATEMENT
Series statement Property Week
Volume/sequential designation 75(6) 2 February 2009, 59-71(8)
520 ## - SUMMARY, ETC.
Summary, etc. Reviews news and deals from around the region. Reports on controversy over Reading Borough Council's search for new offices. Considers who will benefit from the planned Heathrow rail link. Reveals plans by the University of Reading for an 800 000 sq ft science park.
590 ## - LOCAL NOTE (RLIN)
Local note KA
651 #4 - SUBJECT ADDED ENTRY--GEOGRAPHIC NAME
Geographic name Thames Valley
690 ## - LOCAL SUBJECT ADDED ENTRY--TOPICAL TERM (OCLC, RLIN)
Topical term or geographic name as entry element PROPERTY-COMMERCIAL PROPERTY-COMMERCIAL PROPERTY DEVELOPMENT
942 ## - ADDED ENTRY ELEMENTS (KOHA)
Suppress in OPAC 0
Holdings
Withdrawn status Lost status Source of classification or shelving scheme Damaged status Not for loan Home library Current library Shelving location Date acquired Total Checkouts Full call number Barcode Date last seen Copy number Price effective from Koha item type
    Dewey Decimal Classification     London London Journal article 10/02/2009   L146634 146634-1001 06/08/2019 1 06/08/2019 Journal article